Сорбенты на основе силикагеля в радиохимии. Химические свойства. Применение

التفاصيل البيبلوغرافية
مؤلفون آخرون: Ласкорин Б. Н. (редактор)
اللغة:الروسية
منشور في: Москва, Атомиздат, 1977
الموضوعات:
التنسيق: MixedMaterials كتاب
KOHA link:https://koha.lib.tpu.ru/cgi-bin/koha/opac-detail.pl?biblionumber=273300

MARC

LEADER 00000nam0a2200000 4500
001 273300
005 20231101234621.0
035 |a (RuTPU)RU\TPU\book\296509 
090 |a 273300 
100 |a 20141024d1977 k y0rusy50 ca 
101 0 |a rus 
102 |a RU 
105 |a a z 001zy 
200 1 |a Сорбенты на основе силикагеля в радиохимии. Химические свойства. Применение  |f под ред. Б. Н. Ласкорина 
210 |a Москва  |c Атомиздат  |d 1977 
215 |a 303 с.  |c ил. 
320 |a Библиогр.: с. 251-296. 
320 |a Предметный указатель: с. 297-301. 
606 1 |a Сорбенты  |x Химия  |2 stltpush  |3 (RuTPU)RU\TPU\subj\70844  |9 85014 
610 1 |a силикагель 
610 1 |a радиохимия 
610 1 |a гетеролитические реакции 
610 1 |a адсорбция 
610 1 |a катионы 
610 1 |a сорбция 
675 |a 544.723  |v 3 
702 1 |a Ласкорин  |b Б. Н.  |4 340 
801 1 |a RU  |b 63413507  |c 20141024 
801 2 |a RU  |b 63413507  |c 20141031  |g RCR 
942 |c BK